000 00699nam a2200241Ia 4500
003 OSt
005 20220926002456.0
006 a|||||r|||| 00| 0
007 ta
008 220923b |||||||| |||| 00| 0 eng d
037 _cGeneral Book
040 _aRTL
_cRTL
_beng
041 _2eng
_aeng
082 _aQ25.2.N7, L4
100 _aBhattacharyya Narendra Nath
245 0 _aHistory of the Sakta religion. Ed by Nirmal Jain
260 _a New Delhi
_bMunshiram Manoharlal India
_c1974
300 _axiii,188p
_ccm.
500 _aBib p 167-71
650 _aHinduism
_98459
942 _hQ25.2.N7, L4
_cGB
_2CC
999 _c605174
_d605174